Locución de Dios al corazón de el religioso en el retiro sagrado de los ejercicios espirituales.

Detalles Bibliográficos
Autor principal: PAWLOWSKI, Daniel
Formato: Libro
Publicado: 1747
Materias:
Colección:Banco de datos
Acervo:Biblioteca del Convento de Santa Mónica de la Ciudad de Puebla. Puebla
Tema general:Ascética
Notas:Buena. E4, 10.
LEADER 00655nam a22001930004500
035 |a 50371 
036 |a 139 
100 1 |a PAWLOWSKI, Daniel 
245 1 0 |a Locución de Dios al corazón de el religioso en el retiro sagrado de los ejercicios espirituales. 
260 |b Col. de la Compañía imp.  |c 1747 
500 |a Buena. E4, 10. 
650 1 0 |a Ascética 
949 |a CRP 
959 |a Ex convento de Santa Mónica. Puebla, Puebla  |b CCC5 
960 |a Convento de Santa Mónica de la ciudad de Puebla  |b DD88 
961 |a Franciscana  |b OF 
942 |c CRP-SM 
943 |g Biblioteca del Convento de Santa Mónica de la Ciudad de Puebla. Puebla 
999 |c 960709  |d 960709